World Cup Lyrics - Statistics

General Stats
  • This quiz has been taken 8 times
  • The average score is 18 of 32
Answer Stats
Hint Answer % Correct
World Cup
100%
World Cup
100%
World Cup
100%
World Cup
100%
World Cup
100%
World Cup
100%
World Cup
100%
World Cup
100%
World Cup
100%
World Cup
100%
World Cup
100%
World Cup
100%
We got Portugal
63%
Let's go
50%
we got Mexico
50%
Let's play football
38%
World Cup, it's time to play football
38%
World Cup, it's time to play football
38%
Everybody rise up
38%
Stand up
38%
Argentinia, Australia
25%
France, England, Brazil
25%
U.S.A., Iran, Canada
25%
Netherlands, Senegal, Costa Rico
25%
Come on
25%
It's that time
25%
Arf, arf arf, arf
13%
Belgium, Q-tar, Germany
13%
Crotia, Switzerland, Ghana, Japan
13%
Urugay, Morocco, Saudi Arabia
13%
Cameroon, Serbia, Korea
0%
Ecuador, Wales, Poland, Tsunsia
0%
No matching quizzes found
Score Distribution
Percent of People with Each Score
Percentile by Number Answered
Your Score History
You have not taken this quiz